000 00635nam a2200205Ia 4500
003 GCL
008 140319s9999 xx 000 0 ara d
040 _aGCL /
_cGCL
082 0 4 _a812.009
_bا م
100 1 _aابراهيم حمادة
245 1 0 _aمن حصاد الدراما والنقد /
_cابراهيم حمادة
260 _a[S.N] :
_bالهيئة المصرية العامة للكتاب ،
_c1987
300 _a240 ص
490 _a
650 0 4 _aالادب العربى
650 0 4 _aالمسرح العربى
650 0 4 _aتاريخ ونقد
650 0 4 _aالمسرحيات العربية
942 _2ddc
_cBK
999 _c27880
_d27880